=LDR 00000nam 2200000 4500 =001 INLIS000000000025206 =005 20130612123731 =008 ***********************************ind** =035 ##$$0010-061300000025206 =041 ##$$a ind =082 ##$$a 621.381 528 =090 ##$$a 621.381 528, JAN b =100 ##$$a Jansen, J.H =245 ##$$a Buku pedoman transistor 1, Transistor sebagai penguat linier, J.H. Jansen, E.Setiawan =260 ##$$a 1985 $b Jakarta =300 ##$$a ix, 205 hlm., ilus., 23 cm =650 ##$$a Elektronika =650 ##$$a Transistor =700 ##$$a Setiawan, E =850 ##$$a NBPNMAT